GREEDY HORSE (Record no. 3425)
[ view plain ]
| 000 -LEADER | |
|---|---|
| fixed length control field | 00365nam a22001577a 4500 |
| 020 ## - INTERNATIONAL STANDARD BOOK NUMBER | |
| ISBN | 978-93-86531-52-0 |
| 082 ## - DEWEY DECIMAL CLASSIFICATION NUMBER | |
| Classification number | 823 |
| Item number | AES/G |
| 100 ## - MAIN ENTRY--AUTHOR NAME | |
| Personal name | JOSE,JEAN |
| 100 ## - MAIN ENTRY--AUTHOR NAME | |
| Personal name | KANAKARAGHAVAN |
| 245 ## - TITLE STATEMENT | |
| Title | GREEDY HORSE |
| Remainder of title | AESOP FABLES |
| 260 ## - PUBLICATION, DISTRIBUTION, ETC. (IMPRINT) | |
| Place of publication | THRISSUR |
| Name of publisher | H &C PUBLISHING HOUSE |
| Year of publication | 2017 |
| 300 ## - PHYSICAL DESCRIPTION | |
| Number of Pages | 144 |
| 520 ## - SUMMARY, ETC. | |
| Summary, etc | AESOP FABLES |
| 650 ## - SUBJECT ADDED ENTRY--TOPICAL TERM | |
| Topical Term | AESOP FABLES |
| 942 ## - ADDED ENTRY ELEMENTS (KOHA) | |
| Koha item type | Books |
| Withdrawn status | Lost status | Collection code | Home library | Current library | Shelving location | Date acquired | Source of acquisition | Cost, normal purchase price | Full call number | Accession Number | Koha item type |
|---|---|---|---|---|---|---|---|---|---|---|---|
| Fiction | Main Library | Main Library | SHELF 4-H HARDY BOYS,CAPTAIN UNDERPANTHS,TALES FOR CHILDREN | 26/10/2017 | Purchase | 70.00 | 823 AES/G | 10103 | Books |